Design : History, Theory and Practice of Product Design /

For students of design, professional product designers, and anyone interested in design equally indispensable: the fully revised and updated edition of the reference work on product design. The book traces the history of product design and its current developments, and presents the most important pr...

Description complète

Enregistré dans:
Détails bibliographiques
Auteur principal: Bürdek, Bernhard E. (Auteur)
Format: eBook
Langue:anglais
Publié: Basel/Berlin/Boston : Birkhäuser, 2015
©2015
Édition:2nd ed.
Sujets:
Accès en ligne:https://doi.org/10.1515/9783035603941
Cover
Tags: Ajouter un tag
Pas de tags, Soyez le premier à ajouter un tag!

MARC

LEADER 00000nam a2200000 i 4500
001 0022787
003 SK-STU
005 20170719123430.7
006 m|||||||||||||||||
007 cr |n||||||||n
008 150926s2015||||||||||||o|||||||||||eng||
020 |a 9783035603941 
024 7 |a 10.1515/9783035603941  |2 doi 
040 |a IN-ChSCO  |b eng  |c IN-ChSCO 
041 0 |a eng 
100 1 |a Bürdek, Bernhard E.  |e author 
245 1 0 |a Design :  |b History, Theory and Practice of Product Design /  |c Bernhard E. Bürdek 
250 |a 2nd ed. 
260 |a Basel/Berlin/Boston :  |b Birkhäuser,  |c 2015 
260 |c ©2015 
300 |a 1 online resource(296 p.) :  |b illustrations 
504 |a 100 farb. Abb. 
520 |a For students of design, professional product designers, and anyone interested in design equally indispensable: the fully revised and updated edition of the reference work on product design. The book traces the history of product design and its current developments, and presents the most important principles of design theory and methodology. 
530 |a Also available in print edition 
541 |a Projekt č. 16-613-03703 - Fond na podporu umenia 
545 |a Bernhard E. Bürdek, emer. Prof Academy of Art and Design in Offenbach(Germany), author of numerous publications. 
650 0 0 |a contemporary design 
650 0 0 |a design methodology 
650 0 0 |a dejiny dizajnu 
650 0 0 |a dizajn produktový 
650 0 0 |a teória a tvorba dizajnu 
856 4 0 |u https://doi.org/10.1515/9783035603941 
856 4 2 |3 Cover  |u https://www.degruyter.com/doc/cover/9783035603941.jpg 
996 |c A* 10171/E  |l AAKNST  |s P  |a 0  |w 0022787_0001